Letters written in a Maharatta Camp during the year 1809 (Record no. 1047464)

MARC details
000 -LEADER
fixed length control field 00758nam a2200241Ia 4500
003 - CONTROL NUMBER IDENTIFIER
control field OSt
005 - DATE AND TIME OF LATEST TRANSACTION
control field 20221005123445.0
008 - FIXED-LENGTH DATA ELEMENTS--GENERAL INFORMATION
fixed length control field 221004b |||||||| |||| 00| 0 eng d
037 ## - SOURCE OF ACQUISITION
Terms of availability Textual
040 ## - CATALOGING SOURCE
Original cataloging agency CRL
Transcribing agency CRL
Language of cataloging eng
041 ## - LANGUAGE CODE
Source of code eng
Language code of text/sound track or separate title eng
100 ## - MAIN ENTRY--PERSONAL NAME
Personal name Broughton Thomas Duer
9 (RLIN) 581569
245 #0 - TITLE STATEMENT
Title Letters written in a Maharatta Camp during the year 1809
Remainder of title Descriptive of the character manners domestic habits etc.
260 ## - PUBLICATION, DISTRIBUTION, ETC.
Date of publication, distribution, etc. 1892
490 ## - SERIES STATEMENT
Series statement Constable's oriental miscellany of original and selected publications; 4
650 ## - SUBJECT ADDED ENTRY--TOPICAL TERM
Topical term or geographic name entry element HISTORY
942 ## - ADDED ENTRY ELEMENTS (KOHA)
Classification part V231:5:M1, C2
Koha item type Textual
Source of classification or shelving scheme
Holdings
Withdrawn status Lost status Damaged status Not for loan Home library Current library Date acquired Total Checkouts Full call number Barcode Date last seen Price effective from Koha item type
        Central Library Central Library 2022-10-05   V231:5:M1 C2 CL0206606 2022-10-05 2022-10-05 Textual
Copyright @ Delhi University Library System